000 00992nam2a2200205 4500
001 RU\NLR\PER_A\002443686_001170
005 20250624013940.0
035 _a(NLR Aleph) 012312937
090 _a11379621
_c11379621
100 _a20200812d2018 |||y0rusy50 ca
101 0 _arus
102 _aRU
200 0 _aТ. 21, № 5
210 _d2018
_aБ. м.
461 0 _1001RU\NLR\WS7GC34GM5836C2\1000001755
_12001#$aЖурнал социологии и социальной антропологии$dJournal of sociology and social anthropology$fФак. социологии С.-Петерб. гос. ун-та и др.$zeng$vТ. 21, № 5
_92098805
_cСПб.
_d1998-
_fФак. социологии С.-Петерб. гос. ун-та и др.
_lJournal of sociology and social anthropology
_nБ. и.
_tЖурнал социологии и социальной антропологии
_x1029-8053
_vТ. 21, № 5
852 _aNLR
_jП25/303
942 _cISSUE
980 _aNB
980 _aRUSPER